000 00478nam a2200169Ia 4500
003 GCL
008 140319s9999 xx 000 0 ara d
040 _aGCL /
_cGCL
082 0 4 _a742
_bم م
100 1 _aمحمد ماجد عباس خلوصى
245 1 0 _aالمنظور والاظهارالمعمارى /
_cمحمد ماجد عباس خلوصى
300 _a137 ص
490 _a
650 0 4 _aالعمارة
650 0 4 _aالرسم المعمارى
942 _2ddc
_cBK
999 _c41532
_d41532